000 00663nam a2200241Ia 4500
003 OSt
005 20220927112905.0
006 a|||||r|||| 00| 0
007 ta
008 220926b |||||||| |||| 00| 0 eng d
024 _a151797
037 _cReports
040 _aRTL
_cRTL
_beng
041 _2eng
_aeng
082 _a"z.211.N8t5, M0/GD"
110 _a"Tamilnadu, Planning And Development"
_9384532
245 0 _aDraft annual plan 1980 - 81
260 _c1980
300 _a260p.
_ccm.
700 _a"Tamilnadu, Planning And Development"
_9384533
942 _h"z.211.N8t5, M0/GD"
_cCC
999 _c700916
_d700916